000 00576nam a2200217Ia 4500
003 OSt
005 20220928141551.0
006 a|||||r|||| 00| 0
007 ta
008 220927b |||||||| |||| 00| 0 eng d
024 _a16025
037 _cTextual
040 _aSDCL
_cSDCL
_beng
041 _2eng
_aeng
082 _aD651d, M2
100 _aNATIONAL SEMICONDUCTOR CORPORATION
_9500948
245 0 _aAdvanced bipolar logic databook.
260 _c1982
942 _hD651d, M2
_cTEXL
_2CC
999 _c818379
_d818379